• 首页
  • 本馆介绍
  • 公告通知
  • 最新文献
  • 馆藏检索
  • 电子资源
  • 读者导购
  • 参考咨询
  • 我的图书馆
  • 登录
  • 详细信息显示
  • 放入我的书架
  • 预约/预借图书
  • 作者相关作品
  • 分类相关作品
  • 丛书相关作品
  • 出版社相关作品

书目信息

  • 表格格式
  • 工作单格式
  • 卡片格式
题名:
隐喻的身体
    
 
作者: 张尧均 编
分册:  
出版信息: 杭州   中国美术学院出版社  2006
页数: 214页
开本: 26cm
丛书名: 断桥·艺术哲学文丛
单 册:
中图分类: B089 , B565.59
科图分类:
主题词: 现象学
电子资源:
ISBN: 7-81083-373-1
000 00969oam2 2200289 450
001 010700039244
005 20070805091856.17
010    @a7-81083-373-1@dCNY48.00
100    @a20070526d2006 em y0chiy0110 ea
101 0  @achi
102    @aCN@b330000
105    @ay z 000yy
200 1  @a隐喻的身体@9yin yu de shen ti@e梅洛-庞蒂身体现象学研究@f张尧均编
210    @a杭州@c中国美术学院出版社@d2006
215    @a214页@d26cm
225 2  @a断桥·艺术哲学文丛
330    @a本书内容包括:身体在世、身体——主体;身体诸面、介入的身体、“肉”的存在论四部分及结语和后记。
461  0 @12001 @a断桥·艺术哲学文丛
517 1  @a梅洛-庞蒂身体现象学研究@9mei luo - pang di shen ti xian xiang xue yan jiu
600  1 @a梅洛-庞蒂@bM.@f1908~1961@x现象学@x研究
600  1 @a庞蒂-梅洛@bM.@f1908~1961
606 0  @a现象学
690    @aB089@v4
690    @aB565.59@v4
701  0 @a张尧均@9zhang yao jun@4编
801  0 @aCN@bRENTIAN@c20070805
905    @a10447@dB089@e47
    
    隐喻的身体:梅洛-庞蒂身体现象学研究/张尧均编.-杭州:中国美术学院出版社,2006
    214页;26cm.-(断桥·艺术哲学文丛)
    
    
    ISBN 7-81083-373-1:CNY48.00
    本书内容包括:身体在世、身体——主体;身体诸面、介入的身体、“肉”的存在论四部分及结语和后记。
●
相关链接 在E读中查询图书 在五车中查询图书 在当当中查询图书 在豆瓣中查询图书


正题名:隐喻的身体     索取号:B089/47         预约/预借

序号 登录号 条形码 馆藏地/架位号 状态 备注
1 0807708   208077089   第一样本阅览室/ [索取号:B089/47] 在馆    
2 0807709   208077098   教育系资料室/ [索取号:B089/47] 在馆    
3 0807710   208077105   教育系资料室/ [索取号:B089/47] 在馆    
4 0807711   208077114   第一借阅区/ [索取号:B089/47] 在馆    
5 0807712   208077123   第一借阅区/ [索取号:B089/47] 在馆    
6 0807713   208077132   教育系资料室/ [索取号:B089/47] 在馆    
7 0807714   208077141   第一借阅区/ [索取号:B089/47] 在馆    
8 0807715   208077150   第一借阅区/ [索取号:B089/47] 在馆    
9 0807716   208077169   教育系资料室/ [索取号:B089/47] 在馆    
10 0807717   208077178   教育系资料室/ [索取号:B089/47] 在馆    
唐山师范学院图书馆 欢迎您!
大连网信软件有限公司© 版权所有